Fórmula 1 - Países com mais títulos (Pilotos) - até 2021 - Statistics

Estatísticas Gerais
  • Esse quiz foi jogado 1 046 vezes
    584 desde o último reset
  • A pontuação média é 13 de 16
Estatísticas das Respostas
Número de Títulos País % Correto
8 Brasil
99%
12 Alemanha
98%
15 Inglaterra
96%
4 França
91%
2 Espanha
90%
3 Itália
90%
2 Estados Unidos
88%
5 Argentina
86%
1 Canadá
79%
4 Finlândia
79%
4 Austrália
78%
4 Áustria
75%
1 Holanda
60%
1 África do Sul
59%
1 Nova Zelândia
53%
5 Escócia
44%
Nenhum quiz correspondente encontrado
Distribuição das Pontuações
Porcentagem de Pessoas com Cada Pontuação
Percentil de Números Respondidos
Sua Pontuação Histórica
Você não jogou esse quiz desde o último reset